Statystyki dla Prowincje RPA

Kliknij tutaj aby rozwiązać quiz!

Ogólne statystyki

  • Ten quiz został rozwiązany 133 razy
    (53 od ostatniego zresetowania)
  • Średni wynik to 5 z 9

Odpowiedzi na mapie

Odpowiedzi skodowane kolorowo w zielono-czerwonej skali na mapie do tego quizu, zgodnie z poniższymi procentami.
 

Statystyki odpowiedzi

Prowincja% Poprawnych
Gauteng
67%
Przylądkowa Północna
67%
Przylądkowa Zachodnia
67%
Przylądkowa Wschodnia
58%
Wolne Państwo
58%
KwaZulu-Natal
50%
Limpopo
42%
Północno-Zachodnia
42%
Mpumalanga
33%

Rozkład punktacji

Percentyl według liczby udzielonych odpowiedzi

Procent ludzi z każdym wynikiem

Twoja historia wyników

Nie rozwiązałeś tego quizu od ostatniego zresetowania